| 000 | 00422nam a2200145 a 4500 | ||
|---|---|---|---|
| 005 | 20140412111302.0 | ||
| 008 | 030415s19uu xx 00 eng d | ||
| 050 |
_aTR(GS 380 _bFo723 19_? |
||
| 245 |
_aForms of transportation : _b(mga uri ng sasakyan). |
||
| 260 |
_aMakati City, Philippines : _bSterling Paper Product. |
||
| 300 | _a1 v. (unp.) ; ill. | ||
| 440 | _aPicture Book | ||
| 650 | _aVehicles | ||
| 999 |
_c103459 _d103459 |
||